000 01094nam a22002297a 4500
999 _c63285
_d63285
005 20250723132713.0
008 250723s2019 en ||||| |||| 00| 0 eng d
020 _a9781119380856 X
041 _aeng
080 _a616-053.2 A-61
100 _a Ansari, Ghassem
_dAuthor
_925682
245 _aAtlas of pediatric oral and dental developmental anomalies /
_cGhassem Ansari, Mojtaba Vahid Golpayegani, Richard R. Welbury.
264 _aHoboken, NJ :
_bWiley-Blackwell,
_c2019.
300 _a122p.:
_bill;
_c24 cm.
500 _aIncludes bibliographical references and index
653 _aMouth Abnormalities--diagnosis Mouth Abnormalities--etiology Tooth Abnormalities--diagnosis Tooth Abnormalities--etiology Child Adolescent
653 _aბავშვთა პირის ღრუს და კბილების განვითარების ანომალიების ატლასი
653 _aსტომატოლოგია
700 _a Golpayegani, Mojtaba Vahid,
_e Author
_925683
700 _aWelbury, Richard
_eAuthor
_914599
942 _2udc
_cBK